000 01959nam a2200373 a 4500
003 DO-SdBNP
005 20250407125606.0
007 ta
008 211213e2018 dr db||gr|||| 000 edspa d
020 _a9789945472974
040 _aDO-SdBNP
_bspa
_cBNPHU
041 _hspa
082 4 _222
_bG633c
100 1 _974056
_aGómez Valenzuela, Víctor
245 1 0 _a¿Cuál es el valor de los ecosistemas protegidos de la República Dominicana?
_bVíctor Gómez Valenzuela, Fancisco Alpízar y Solhanlle Bonilla-Duarte; Editor, Fari Rosario; Prólogo, Domingo Contreras
260 _aSanto Domingo :
_bInstituto Tecnológico de Santo Domingo,
_c2018
300 _a195 p.:
_bgráf. mapas;
_c23 cm.
500 _aIncluye bibliografía y notas bibliográficas al pié de páginas.
500 _aIncluye datos biográficos del los autores: p. 193- 195
505 0 _aSiglas y símbolos.
505 0 _aPrólogo.
505 0 _aResumen ejecutvo.
505 0 0 _aSummary.
_gCapítulo 1.
_tIntroducción.--
_tContexto de la valoración económica.--
_gCapítulo 2
_tLa República Dominicana.--
_gCapítulo 3
_tValoración económica y servicios ecosistémicos.--
_gCapítulo 4
_tEl sistema Nacional de áreas Protegidas.--
_gCapítulo 5
_tLos ecosistemas del sistema Nacional de áreas protegidas.--
_gCapítulo 6
_tMarco metodológico de la valoración.--
_gCapítulo 7
_tValoración de los servicios ecosistémicos.--
_gCapítulo 8
_tConclusiones y recomendaciones.
590 _aInventariado MF / 2021
650 4 _aEconomía Ambiental
_zRepública Dominicana
_980851
650 0 _aReservas forestales
_x- Aspectos económicos
_zRepública Dominicana.
_97051
650 0 _aTurismo sostenible
_x Aspectos económicos
_zRepública Dominicana.
_980852
700 1 _aAlpízar, Fancisco.
_980853
700 1 _976388
_aBonilla, Solhanlle
700 1 _976028
_aRosario, Fari,
_eeditor
700 1 _964546
_aContreras, Domingo
_eprólogo
910 _aMFéliz
942 _2ddc
_cLBS1
999 _c51117
_d51117